000 00458nam a22001937a 4500
005 20151114101247.0
008 151114b xxu||||| |||| 00| 0 eng d
020 _c150
040 _aLoreto College
041 _aBengali
082 _a510
_bHOS
100 _aHossain, Kamal
245 _aMagic math
_cKamal Hossain
260 _aKolkata
_bSahitya Bhavna
_c2015
300 _axviii,394p
_b16cm
650 _aMathematics
850 _aLCLIB
942 _cBK
999 _c40175
_d90654